| 000 | 00500pab a2200181 454500 | ||
|---|---|---|---|
| 008 | 180718b2015 xxu||||| |||| 00| 0 eng d | ||
| 100 | _aBrady, David | ||
| 245 | _aParadoxes of social policy: welfare transfers, relative poverty, and redistribution preferences | ||
| 260 | _c2015 | ||
| 300 | _ap.268-298. | ||
| 362 | _aApr | ||
| 650 | _aPoverty | ||
| 650 | _aSocial welfare | ||
| 650 | _aSocial policy | ||
| 700 | _aBostic, Amie | ||
| 773 | _aAmerican Sociological Review | ||
| 909 | _a108457 | ||
| 999 |
_c108452 _d108452 |
||